000 00249nam a2200121Ia 4500
100 _a#N/A
650 _aComputer/ IT
942 _cBK
654 _aseven tools
245 _aTraining Modules on New Seven Tools
260 _b#N/A
546 _aENGLISH
999 _c30680
_d30680